The Best Tennis Single Males Players of all the Time - Statistics

General Stats
  • This quiz has been taken 58 times
  • The average score is 17 of 30
Answer Stats
Country Player % Correct
Serbia Novak Djokovic
94%
Spain Rafael Nadal
94%
Switzerland Roger Federer
94%
United States Pete Sampras
88%
United Kingdom Andy Murray
86%
United States John McEnroe
86%
Sweden Bjorn Borg
82%
United States Andre Agassi
78%
West Germany/Germany Boris Becker
73%
United States Jimmy Connors
71%
Czechoslovakia/United States Ivan Lendl
69%
Australia Lleyton Hewitt
61%
Australia Rod Laver
61%
Sweden Stefan Edberg
61%
United States Andy Roddick
55%
United States Arthur Ashe
55%
Romania Ilie Nastase
55%
Brazil Gustavo Kuerten
51%
United States Jim Courier
51%
Russia Marat Safin
49%
Sweden Mats Wilander
49%
Australia John Newcombe
43%
Argentina Guillermo Vilas
33%
Australia Patrick Rafter
31%
Australia Ken Rosewall
29%
France Rene Lacoste
29%
United Kingdom Fred Perry
27%
United States Don Budge
14%
United States Bill Tilden
12%
Australia Roy Emerson
12%
No matching quizzes found
Score Distribution
Percent of People with Each Score
Percentile by Number Answered
Your Score History
You have not taken this quiz